000 00494nam a2200157 i 4500
001 82973
003 ES-MaACL
005 20230906174747.0
007 t|
008 041112s1983 sp ||||1| spa d
245 0 0 _aEstadística de protestos de letras de cambio
_b: año 1982 /
_cInstituto Nacional de Estadística.
260 _aMadrid :
_b[s.n.,
_c1983]
300 _a111 p. ;
_c27 cm.
710 2 _aInstituto Nacional de Estadística (España)
_95162
852 _aES-MaACL
_jL-4605
_bR.105533
999 _c82973
_d82973